| 000 | 00556nam a2200193Ia 4500 | ||
|---|---|---|---|
| 005 | 20250508155917.0 | ||
| 008 | 008 250505s9999 xx 000 0 eng d | ||
| 037 | _aBooks to be hide in OPAC | ||
| 040 |
_aFEDL _beng _cFEDL |
||
| 041 |
_aeng _2eng |
||
| 084 |
_a370.954, IND/O _qFEDL |
||
| 245 | 0 | _aAnnual report 1952-53 and programme of activities for 1953-54 | |
| 245 | 0 | _cIndia. Education, (Ministry of ...) | |
| 260 | _c1954 | ||
| 300 | _a55p | ||
| 650 | _aEducation | ||
| 942 |
_cHB _h370.954, IND/O |
||
| 999 |
_c1360026 _d1360026 |
||